| Tag |
First Indicator |
Second Indicator |
Subfields |
| LEADER |
00000cam a2200000 i 4500 |
| 001 |
in00004792207 |
| 003 |
OCoLC |
| 005 |
20230427141842.8 |
| 008 |
220409t20222022bccab b 001 0 eng |
| 024 |
8 |
|
|a 40032295845
|
| 040 |
|
|
|a NLC
|b eng
|e rda
|c YDX
|d NLC
|d BDX
|d OCLCF
|d TOH
|d UKMGB
|d VP@
|d UBC
|d YDX
|d IND
|d CDX
|d NLC
|d LML
|
| 019 |
|
|
|a 1310074652
|a 1310154635
|a 1310400197
|
| 020 |
|
|
|a 0774866640
|q paperback
|
| 020 |
|
|
|a 9780774866644
|q paperback
|
| 020 |
|
|
|z 9780774866743
|q ebook
|
| 020 |
|
|
|z 9780774866699
|q ebook
|
| 035 |
|
|
|a (OCoLC)1309955630
|z (OCoLC)1310074652
|z (OCoLC)1310154635
|z (OCoLC)1310400197
|
| 042 |
|
|
|a lac
|
| 043 |
|
|
|a n-cn---
|
| 045 |
|
|
|a x5x5
|
| 050 |
|
4 |
|a F1034.3.D5
|b C68 2022
|
| 055 |
0 |
0 |
|a FC615
|b .C68 2022
|
| 082 |
0 |
4 |
|a 971.064/2
|2 23
|
| 084 |
|
|
|a cci1icc
|2 lacc
|
| 100 |
1 |
|
|a Courtney, John C.
|q (John Childs),
|d 1936-
|e author.
|
| 245 |
1 |
0 |
|a Revival and change :
|b the 1957 and 1958 Diefenbaker elections /
|c John C. Courtney.
|
| 264 |
|
1 |
|a Vancouver, BC ;
|a Toronto :
|b UBC Press,
|c [2022]
|
| 264 |
|
4 |
|c ©2022
|
| 300 |
|
|
|a xv, 278 pages :
|b illustrations, maps ;
|c 23 cm.
|
| 336 |
|
|
|a text
|b txt
|2 rdacontent
|
| 336 |
|
|
|a still image
|b sti
|2 rdacontent
|
| 336 |
|
|
|a cartographic image
|b cri
|2 rdacontent
|
| 337 |
|
|
|a unmediated
|b n
|2 rdamedia
|
| 338 |
|
|
|a volume
|b nc
|2 rdacarrier
|
| 490 |
1 |
|
|a Turning point elections
|
| 504 |
|
|
|a Includes bibliographical references and index.
|
| 505 |
0 |
|
|a On the Cusp of Change -- The Parties Heading into the 1957 Election -- The Players in 1957 -- The Issues in 1957 -- The 1957 Campaign -- A New Parliament, a New Leader, and Another Election -- Challenges, Failures, Defeat, and Regrouping -- Legacies -- Turning Point for the Parties and the Party System.
|
| 520 |
|
|
|a "Revival and Change is a compelling account of the elections, accomplishments, challenges, failures, and ultimate end of the Diefenbaker era. The Liberals had been in office for two decades when the 1957 election was called and were widely expected to win another majority government. But it soon became clear that John Diefenbaker, the new Conservative leader, overshadowed his opponents. He seized the opportunity that television and boisterous rallies offered to denounce Liberal arrogance and to present his vision of a new Canada. He captured the mood of the country and was ultimately victorious. A second election in 1958 resulted in a landslide victory for the new Conservative Government. The Liberals were reduced to their smallest number of seats since Confederation, the CCF lost its leader and all but eight seats, and Social Credit was wiped out completely. It was a rout never before seen in Canadian history. This is the story of those elections, the government and opposition they produced, the issues that defined the government, and the era's legacy in Canadian politics and society."--
|c Provided by publisher.
|
| 530 |
|
|
|a Issued also in electronic format.
|
| 600 |
1 |
0 |
|a Diefenbaker, John G.,
|d 1895-1979.
|
| 610 |
2 |
0 |
|a Progressive Conservative Party of Canada.
|
| 610 |
1 |
0 |
|a Canada.
|b Parliament
|x Elections, 1957.
|
| 610 |
1 |
0 |
|a Canada.
|b Parliament
|x Elections, 1958.
|
| 600 |
1 |
6 |
|a Diefenbaker, John G.,
|d 1895-1979.
|
| 610 |
2 |
6 |
|a Parti progressiste-conservateur du Canada.
|
| 610 |
1 |
6 |
|a Canada.
|b Parlement
|x Élections, 1957.
|
| 610 |
1 |
6 |
|a Canada.
|b Parlement
|x Élections, 1958.
|
| 600 |
1 |
7 |
|a Diefenbaker, John G.,
|d 1895-1979.
|2 fast
|0 (OCoLC)fst00008442
|
| 610 |
1 |
7 |
|a Canada.
|b Parliament.
|2 fast
|0 (OCoLC)fst00533129
|
| 610 |
2 |
7 |
|a Progressive Conservative Party of Canada.
|2 fast
|0 (OCoLC)fst00577089
|
| 651 |
|
0 |
|a Canada
|x Politics and government
|y 1945-1980.
|
| 651 |
|
5 |
|a Canada
|x Politics and government
|y 1957-1963.
|
| 651 |
|
6 |
|a Canada
|x Politique et gouvernement
|y 1957-1963.
|
| 650 |
|
7 |
|a POLITICAL SCIENCE / World / Canadian.
|2 bisacsh
|
| 650 |
|
7 |
|a Elections.
|2 fast
|0 (OCoLC)fst00904324
|
| 648 |
|
7 |
|a 1957-1958
|2 fast
|
| 776 |
0 |
8 |
|i Online version:
|a Courtney, John C. (John Childs), 1936-
|t Revival and change.
|d Vancouver ; Toronto : UBC Press, 2022
|z 0774866691
|z 9780774866699
|w (OCoLC)1334387524
|
| 830 |
|
0 |
|a Turning point elections.
|
| 945 |
|
|
|b 87652
|
| 947 |
|
|
|a A14852491597
|
| 980 |
|
|
|b print
|c 40032295845
|g 565725
|k USD
|m 22.36
|q 1
|s AcqMono Conventional
|t Approval plan
|u Vendor order reference number
|v ZYBP
|y Print approval
|z Physical resource
|
| 999 |
f |
f |
|i 19150057-b75d-4cbb-8aa2-0cabfae91433
|s 63ee6d04-593b-4f3e-83c8-8ec07700f3a0
|t 0
|
| 952 |
f |
f |
|p normal
|a Texas A&M University
|b College Station
|c Sterling C. Evans Library
|s Evans stk
|d Evans: Library Stacks
|t 0
|e F1034.3.D5 C68 2022
|h Library of Congress classification
|i unmediated -- volume
|m A14852491597
|